一直撒野 : 你所反抗的,正是你所眷戀的

資料類型: Book 圖書   書目號:50907

Leader xxxxxxxxxx
001 __ 102446/9/01
005 __ 20170410105843.846
010 0_ |a978-986-133-594-0|b平裝|d新臺幣280元
042 __ |anbim
100 __ |a20170410d2016    m  y0chiy50      e
101 0_ |achi
102 __ |atw
105 __ |ay   z   000cy
200 1_ |a一直撒野|e你所反抗的,正是你所眷戀的|f小野著
205 __ |a初版
210 __ |a臺北市|c圓神|d2016[民105]
215 0_ |a223面|d21公分
225 12 |a圓神文叢|v202
517 1_ |a你所反抗的, 正是你所眷戀的|zchi
606 __ |2cst|a散文
700 _0 |a小野|4681 __ |a855|b846
801 _0 |atw|bLibDipper|c20170410|gCCR
詳細館藏(共 1 筆)
索 書 號登 錄 號冊次號館別 / 館藏地流通類型狀態加入預約清單電子資源
855 / 846 1024469  圖書館 / 一樓普通區 可外借30天 在館   

| 條列資料




目錄查詢 分類查詢 個人資料 圖書薦購 新書查詢 閉館日 排行榜 更多電子資源 Hami書城 線上資料庫 登出

From : 216.73.217.87

  本日流通累計至 21:54:33 借閱 : 1 次 續借 : 0 次 歸還 : 2 次 預約 : 0 次 電子資源 : 0 次


內湖高中圖書館  PCLIS 版本  26.5.0.12